003190000a2200097000450024500550000004100130005550000450006870000180011310000170013177300730014810aNotes on Microvelia flavipes (Hemiptera: Veliidae)0 aInglés a1 aHottes, F. C.1 aDrake, C. J.1 tProceedings of the Biological Society of Washingtonq73-74d1953g66